| 000 | 00521nam a2200181Ia 4500 | ||
|---|---|---|---|
| 008 | 130320s9999 xx 000 0 und d | ||
| 100 | _aToms K Varkey | ||
| 245 | _aLDAP for solaris/Linux in Kerala education grid | ||
| 502 |
_bB Tech _dEXT _eElizabeth Sherly _hCollege of Engineering, Munnar |
||
| 650 | _a LINUX | ||
| 650 | _a SOLARIS | ||
| 650 | _aEDUCATIONAL GRID | ||
| 650 | _aNETWORK PROTOCOLS | ||
| 650 | _aLDAP | ||
| 700 | _aDeepu S Sankar | ||
| 700 | _aNishanth Gopal | ||
| 700 | _aVijay Gheeverghese Saju | ||
| 999 |
_c2673 _d2673 |
||